[Event "01.Casino-Senioren-Open 2005"]
[Site "Seefeld/Tirol (19.09.-25.09)"]
[Date "2005.09.19"]
[Round "1.2"]
[White "Schuller, Erhard"]
[Black "Heslenfeld, Peter-Hermann"]
[Result "1/2-1/2"]
[WhiteElo "1634"]
[BlackElo "1788"]
[PlyCount "97"]
[EventDate "2005.09.??"]
[Source "Chess-Org"]
[SourceDate "2005.10.01"]

1. e4 d5 2. exd5 Qxd5 3. Nc3 Qd6 4. Nf3 Nf6 5. d4 a6 6. h3 b5 7. Bd3 Bb7 8. O-O
e6 9. Be3 Nbd7 10. Re1 Be7 11. Bf1 O-O 12. a3 Rfd8 13. Nh2 Rac8 14. Ne2 Nd5 15.
Bd2 c5 16. c3 Qb6 17. Nf3 N7f6 18. Nf4 Nxf4 19. Bxf4 Bxf3 20. Qxf3 cxd4 21.
cxd4 Qxd4 22. Be5 Qd5 23. Qg3 Ne8 24. Be2 Bd6 25. Bxd6 Qxd6 26. Qf3 Nf6 27.
Rad1 Qe7 28. Rxd8+ Rxd8 29. Qc6 Qd6 30. Rc1 g6 31. Bf3 Nd5 32. b4 Kg7 33. Qb7
Rd7 34. Rc6 Rxb7 35. Rxd6 Rb6 36. Rxb6 Nxb6 37. Bb7 Nc4 38. Bxa6 Nxa3 39. Kf1
Kf6 40. Ke2 Nc2 41. Kd2 Nd4 42. Bb7 e5 43. Kd3 Ke6 44. g4 f6 45. f4 Kd6 46. Bg2
Nc6 47. fxe5+ Nxe5+ 48. Kd4 Nc6+ 49. Kc3 1/2-1/2

[Event "01.Casino-Senioren-Open 2005"]
[Site "Seefeld/Tirol (19.09.-25.09)"]
[Date "2005.09.19"]
[Round "1.3"]
[White "Mueller, Manfred[42Senftb']"]
[Black "Engler, Gunter"]
[Result "1-0"]
[WhiteElo "1886"]
[BlackElo "1766"]
[PlyCount "95"]
[EventDate "2005.09.??"]
[Source "Chess-Org"]
[SourceDate "2005.10.01"]

1. e4 e6 2. d4 d5 3. Nd2 dxe4 4. Nxe4 Be7 5. Bd3 Nf6 6. Nf3 Nbd7 7. O-O Nxe4 8.
Bxe4 Nf6 9. Bd3 O-O 10. Re1 b6 11. c3 Bb7 12. Bg5 Rc8 13. Qe2 c5 14. Rad1 Qc7
15. Bh4 c4 16. Bc2 b5 17. Ne5 Bd5 18. Bb1 Qb7 19. Qc2 g6 20. f4 Nh5 21. Bxe7
Qxe7 22. Qf2 f5 23. Re3 Rc7 24. Rde1 g5 25. fxg5 Qxg5 26. Nf3 Qf6 27. Qh4 Qxh4
28. Nxh4 Rg7 29. Re5 Nf4 30. g3 Ng6 31. Nxg6 hxg6 32. Rf1 Rgf7 33. a3 a5 34.
Bc2 a4 35. Bd1 Kg7 36. Bf3 Rd7 37. Bxd5 exd5 38. Rfe1 Kf7 39. Kf2 Rb8 40. Re6
Rh8 41. Kg2 Rb8 42. Kf3 Rbb7 43. Kf4 Re7 44. Rxe7+ Rxe7 45. Rxe7+ Kxe7 46. Ke5
Kf7 47. Kxd5 Kf6 48. h4 1-0

[Event "01.Casino-Senioren-Open 2005"]
[Site "Seefeld/Tirol (19.09.-25.09)"]
[Date "2005.09.19"]
[Round "1.4"]
[White "Papworth, Dennis"]
[Black "Bucher, Rolf"]
[Result "1/2-1/2"]
[WhiteElo "1827"]
[BlackElo "1768"]
[PlyCount "21"]
[EventDate "2005.09.??"]
[Source "Chess-Org"]
[SourceDate "2005.10.01"]

1. d4 Nf6 2. Nc3 g6 3. e4 d6 4. e5 dxe5 5. dxe5 Qxd1+ 6. Nxd1 Ng4 7. f4 Bg7 8.
Nf3 h5 9. Bc4 Nh6 10. O-O O-O 11. Ne3 1/2-1/2

[Event "01.Casino-Senioren-Open 2005"]
[Site "Seefeld/Tirol (19.09.-25.09)"]
[Date "2005.09.19"]
[Round "1.5"]
[White "Schueler, Wolfgang"]
[Black "Bretscher, Robert"]
[Result "1-0"]
[WhiteElo "1968"]
[BlackElo "1536"]
[PlyCount "43"]
[EventDate "2005.09.??"]
[Source "Chess-Org"]
[SourceDate "2005.10.01"]

1. e4 e5 2. Nf3 Nc6 3. Bb5 a6 4. Ba4 Nf6 5. O-O b5 6. Bb3 Be7 7. Re1 d6 8. c3
O-O 9. d3 Bg4 10. Nbd2 Rb8 11. h3 Bh5 12. Nf1 h6 13. Ne3 Nh7 14. g4 Bg6 15. Nd5
Rc8 16. a4 h5 17. axb5 axb5 18. Kg2 hxg4 19. hxg4 Nf6 20. Nh4 Bh7 21. Nf5 g6
22. Nfxe7+ 1-0

[Event "01.Casino-Senioren-Open 2005"]
[Site "Seefeld/Tirol (19.09.-25.09)"]
[Date "2005.09.19"]
[Round "1.6"]
[White "Wegener, Wilfried"]
[Black "Xander, Karl"]
[Result "0-1"]
[WhiteElo "1639"]
[BlackElo "1841"]
[PlyCount "84"]
[EventDate "2005.09.??"]
[Source "Chess-Org"]
[SourceDate "2005.10.01"]

1. e4 c5 2. Nf3 d6 3. d4 cxd4 4. Nxd4 Nf6 5. Nc3 g6 6. Be2 Bg7 7. O-O O-O 8.
Be3 Nc6 9. Qd2 Ng4 10. Bxg4 Bxg4 11. f3 Bd7 12. Rfd1 Ne5 13. Qe2 Rc8 14. Rab1
Nc4 15. Qd3 Re8 16. Bf2 Qa5 17. Nb3 Nxb2 18. Nxa5 Nxd3 19. cxd3 Bxc3 20. Nc4 b5
21. Ne3 e6 22. Rb3 a5 23. Ng4 Bg7 24. Rbb1 Rc2 25. a4 b4 26. Ne3 Bxa4 27. Rf1
Rc3 28. Nc4 Rxd3 29. Nxa5 b3 30. Nc4 Bb5 31. Rfc1 Bh6 32. Nb2 Bxc1 33. Nxd3
Bxd3 34. Rxb3 Ba6 35. Rb6 Ra8 36. Rxd6 Bf4 37. Rb6 Bd3 38. g3 Ra1+ 39. Kg2 Bc7
40. Rb2 Be5 41. Rd2 Bf1+ 42. Kg1 Bh3+ 0-1

[Event "01.Casino-Senioren-Open 2005"]
[Site "Seefeld/Tirol (19.09.-25.09)"]
[Date "2005.09.19"]
[Round "1.7"]
[White "Schwarz, Werner[40Fürth]"]
[Black "Broeker, Werner"]
[Result "1/2-1/2"]
[WhiteElo "1690"]
[BlackElo "1664"]
[PlyCount "63"]
[EventDate "2005.09.??"]
[Source "Chess-Org"]
[SourceDate "2005.10.01"]

1. e4 e5 2. Nf3 Nc6 3. d4 exd4 4. Nxd4 Bc5 5. Be3 Qf6 6. c3 Nge7 7. Bc4 Ne5 8.
Bb3 d6 9. h3 Bd7 10. Qe2 N5g6 11. Nd2 Nf4 12. Bxf4 Qxf4 13. Qf3 Ng6 14. O-O-O
O-O 15. g3 Qg5 16. h4 Qe7 17. Qg2 Ne5 18. Nc4 Rae8 19. Nxe5 Qxe5 20. Bc2 b5 21.
f4 Qe7 22. Rhe1 b4 23. c4 Bg4 24. Rd3 Qd7 25. Nb3 Qc6 26. Nxc5 Qxc5 27. b3 a5
28. Rd5 Qa7 29. Qd2 f6 30. a3 Be6 31. Rd3 bxa3 32. f5 1/2-1/2

[Event "01.Casino-Senioren-Open 2005"]
[Site "Seefeld/Tirol (19.09.-25.09)"]
[Date "2005.09.19"]
[Round "1.8"]
[White "Ruf, Karl"]
[Black "Birchmeier, Walter"]
[Result "0-1"]
[WhiteElo "1644"]
[BlackElo "1921"]
[PlyCount "80"]
[EventDate "2005.09.??"]
[Source "Chess-Org"]
[SourceDate "2005.10.01"]

1. e4 c5 2. Nf3 Nc6 3. d4 cxd4 4. Nxd4 e5 5. Nxc6 bxc6 6. Bc4 Nf6 7. Bg5 h6 8.
Bxf6 Qxf6 9. O-O Bc5 10. Nd2 O-O 11. Qf3 Qe7 12. Rad1 d6 13. Qg3 Be6 14. Kh1
Bxc4 15. Nxc4 f5 16. exf5 Rxf5 17. f4 Raf8 18. Qb3 Kh8 19. g3 exf4 20. g4 Qe4+
21. Rf3 Rd5 22. Rdf1 Rd4 23. Na5 Ra4 24. Qc3 Bb4 25. Qxc6 Bxa5 26. Qxd6 Bb4 27.
Qd7 Bc5 28. Qb5 Be7 29. Qb3 Rd4 30. c3 Rd2 31. Qb5 Rd1 32. Kg2 Rxf1 33. Qxf1
Rd8 34. Kh3 g5 35. a3 Rd2 36. b4 Re2 37. c4 Bf6 38. c5 Re1 39. Qf2 Bd4 40. Qg2
Rg1 0-1

[Event "01.Casino-Senioren-Open 2005"]
[Site "Seefeld/Tirol (19.09.-25.09)"]
[Date "2005.09.19"]
[Round "1.9"]
[White "Michalowski, Richard"]
[Black "Straesser, Gerda"]
[Result "1/2-1/2"]
[WhiteElo "1621"]
[BlackElo "1549"]
[PlyCount "76"]
[EventDate "2005.09.??"]
[Source "Chess-Org"]
[SourceDate "2005.10.01"]

1. c4 e6 2. Nc3 Nf6 3. g3 d5 4. d4 Nbd7 5. Bg2 c6 6. cxd5 cxd5 7. Nf3 a6 8. O-O
b5 9. a3 Bd6 10. Nd2 Bb7 11. e4 dxe4 12. Ndxe4 Nxe4 13. Nxe4 Be7 14. Be3 Bd5
15. Rc1 O-O 16. Nc5 Bxg2 17. Kxg2 Nxc5 18. dxc5 Qxd1 19. Rfxd1 Rfd8 20. b4 Kf8
21. Bf4 Rxd1 22. Rxd1 g5 23. Bd6 Rd8 24. Kf3 Ke8 25. Ke4 Bxd6 26. cxd6 f6 27.
f4 h6 28. f5 Kd7 29. g4 Re8 30. fxe6+ Kxe6 31. Rd3 Rd8 32. h3 Rd7 33. Rc3 Rxd6
34. Rc8 Kf7 35. Rc7+ Kg6 36. Rc3 Kf7 37. Rc5 Kg6 38. Rc3 Kf7 1/2-1/2

[Event "01.Casino-Senioren-Open 2005"]
[Site "Seefeld/Tirol (19.09.-25.09)"]
[Date "2005.09.20"]
[Round "2.1"]
[White "Xander, Karl"]
[Black "Rahn, Oskar"]
[Result "1/2-1/2"]
[WhiteElo "1841"]
[BlackElo "2064"]
[PlyCount "63"]
[EventDate "2005.09.??"]
[Source "Chess-Org"]
[SourceDate "2005.10.01"]

1. e4 e5 2. Nf3 Nc6 3. d4 exd4 4. c3 d5 5. Bb5 dxe4 6. Nxd4 Bd7 7. Bxc6 Bxc6 8.
O-O Nf6 9. Qe2 Qd7 10. Nd2 Bc5 11. N2b3 Bb6 12. Bg5 Qg4 13. Qxg4 Nxg4 14. Nxc6
bxc6 15. Rae1 f5 16. c4 h6 17. Bd2 c5 18. f3 Nf6 19. Bc3 O-O 20. Bxf6 Rxf6 21.
fxe4 fxe4 22. Rxf6 gxf6 23. Rxe4 Kf7 24. Kf2 Rd8 25. Ke2 c6 26. h3 f5 27. Re3
Kf6 28. Kf3 Rd1 29. Re8 Rd3+ 30. Re3 Rd1 31. Re2 Rd3+ 32. Re3 1/2-1/2

[Event "01.Casino-Senioren-Open 2005"]
[Site "Seefeld/Tirol (19.09.-25.09)"]
[Date "2005.09.20"]
[Round "2.2"]
[White "Birchmeier, Walter"]
[Black "Mueller, Manfred[42Senftb']"]
[Result "1-0"]
[WhiteElo "1921"]
[BlackElo "1886"]
[PlyCount "69"]
[EventDate "2005.09.??"]
[Source "Chess-Org"]
[SourceDate "2005.10.01"]

1. c4 g6 2. Nc3 Bg7 3. d4 c6 4. e4 d6 5. h3 Nd7 6. Nf3 a6 7. a4 b6 8. Bd3 Bb7
9. Be3 e6 10. Qd2 Ne7 11. O-O d5 12. cxd5 cxd5 13. Rfc1 dxe4 14. Bxe4 Bxe4 15.
Nxe4 Nf6 16. Nxf6+ Bxf6 17. Bf4 Nd5 18. Be5 h5 19. Rc6 Kf8 20. Rac1 Kg7 21. Ng5
Re8 22. Ne4 Bxe5 23. dxe5 Qh4 24. R6c4 Qf4 25. Qd4 Red8 26. Nd6 Qg5 27. f4 Qg3
28. Qf2 Qb3 29. Qc2 Qxc2 30. R4xc2 Nxf4 31. Rf1 g5 32. g3 Nxh3+ 33. Kh2 g4 34.
Rxf7+ Kg8 35. Rcc7 1-0

[Event "01.Casino-Senioren-Open 2005"]
[Site "Seefeld/Tirol (19.09.-25.09)"]
[Date "2005.09.20"]
[Round "2.3"]
[White "Bullock, Alfred"]
[Black "Schueler, Wolfgang"]
[Result "0-1"]
[WhiteElo "1596"]
[BlackElo "1968"]
[PlyCount "82"]
[EventDate "2005.09.??"]
[Source "Chess-Org"]
[SourceDate "2005.10.01"]

1. b3 e5 2. Bb2 d6 3. c4 g6 4. Nc3 Bg7 5. g3 Ne7 6. Bg2 O-O 7. e3 c6 8. Nge2
Bg4 9. f3 Be6 10. O-O Na6 11. a3 Qd7 12. d3 Nf5 13. Bc1 d5 14. g4 Ne7 15. e4
Rfd8 16. Bg5 f6 17. Bh4 b5 18. b4 dxc4 19. dxc4 Bxc4 20. Qxd7 Rxd7 21. Rfd1
Rad8 22. Bf1 c5 23. bxc5 Nxc5 24. Rxd7 Rxd7 25. Rd1 Rxd1 26. Nxd1 Nc6 27. Nec3
Nd4 28. Bxc4+ bxc4 29. Kg2 Nd3 30. Ne3 Nb2 31. Ned5 Kf7 32. g5 f5 33. Be1 f4
34. Nc7 Nd3 35. Bf2 Bf8 36. a4 Nxf2 37. Kxf2 Bc5 38. Kg2 Ne6 39. Nxe6 Kxe6 40.
Kf1 Be7 41. h4 Bd8 0-1

[Event "01.Casino-Senioren-Open 2005"]
[Site "Seefeld/Tirol (19.09.-25.09)"]
[Date "2005.09.20"]
[Round "2.4"]
[White "Heslenfeld, Peter-Hermann"]
[Black "Papworth, Dennis"]
[Result "1/2-1/2"]
[WhiteElo "1788"]
[BlackElo "1827"]
[PlyCount "66"]
[EventDate "2005.09.??"]
[Source "Chess-Org"]
[SourceDate "2005.10.01"]

1. c4 e6 2. Nc3 Nf6 3. e4 d6 4. Nf3 Nc6 5. d4 Be7 6. Be2 O-O 7. O-O e5 8. d5
Nb8 9. h3 Nbd7 10. Be3 Re8 11. b4 Nf8 12. c5 Ng6 13. Qd2 a5 14. a3 Bd7 15. Kh2
Qc8 16. cxd6 Bxd6 17. b5 Nf4 18. Bxf4 exf4 19. Qd4 b6 20. e5 Bc5 21. Qxf4 h6
22. Qh4 Nh7 23. Bd3 Bf5 24. Bxf5 Qxf5 25. Qe4 Qxe4 26. Nxe4 Be7 27. Rfc1 Bd8
28. Rc6 f5 29. Ng3 Ng5 30. Nxg5 hxg5 31. e6 Bf6 32. Re1 Rad8 33. Nxf5 Rxd5
1/2-1/2

[Event "01.Casino-Senioren-Open 2005"]
[Site "Seefeld/Tirol (19.09.-25.09)"]
[Date "2005.09.20"]
[Round "2.5"]
[White "Bucher, Rolf"]
[Black "Schuller, Erhard"]
[Result "1-0"]
[WhiteElo "1768"]
[BlackElo "1634"]
[PlyCount "97"]
[EventDate "2005.09.??"]
[Source "Chess-Org"]
[SourceDate "2005.10.01"]

1. c4 Nf6 2. Nc3 e6 3. g3 d5 4. d4 dxc4 5. Bg2 c6 6. Nf3 Be7 7. Ne5 O-O 8. O-O
Nd5 9. Nxc4 Nd7 10. e4 N5b6 11. Ne3 Re8 12. Kh1 Nf8 13. Nc2 f5 14. f3 Ng6 15.
Qe2 Kh8 16. Be3 Qc7 17. Rad1 Bd7 18. f4 Rad8 19. b4 Bc8 20. e5 Nd5 21. Nxd5
cxd5 22. Rb1 Bd7 23. Rfc1 Qb8 24. Bf1 a6 25. Qd1 b5 26. Na1 Rc8 27. Nb3 Rxc1
28. Rxc1 Rc8 29. Nc5 Bxc5 30. bxc5 Qc7 31. Rb1 Rb8 32. Bd3 Ne7 33. Qc2 Qa7 34.
Qe2 Bc8 35. g4 g6 36. Bf2 fxg4 37. Qxg4 Nf5 38. Bxf5 exf5 39. Qg5 Qf7 40. Qd8+
Qg8 41. Qd6 Bb7 42. Bh4 Qe8 43. Bf6+ Kg8 44. Qc7 Qf8 45. c6 Ba8 46. Rc1 Rc8 47.
Qd7 Rb8 48. c7 Rc8 49. Qe6+ 1-0

[Event "01.Casino-Senioren-Open 2005"]
[Site "Seefeld/Tirol (19.09.-25.09)"]
[Date "2005.09.20"]
[Round "2.6"]
[White "Straesser, Gerda"]
[Black "Schwarz, Werner[40Fürth]"]
[Result "1/2-1/2"]
[WhiteElo "1549"]
[BlackElo "1690"]
[PlyCount "127"]
[EventDate "2005.09.??"]
[Source "Chess-Org"]
[SourceDate "2005.10.01"]

1. e4 c6 2. d4 d5 3. Nd2 dxe4 4. Nxe4 Bf5 5. Ng3 Bg6 6. Nf3 Nd7 7. c3 Qc7 8.
Bd3 Bxd3 9. Qxd3 e6 10. Be3 Ngf6 11. h3 Bd6 12. Ne2 O-O-O 13. O-O h6 14. c4 g5
15. c5 Nxc5 16. Qc2 Ncd7 17. g4 Nd5 18. Rac1 Nxe3 19. fxe3 Qb6 20. Kg2 Rhf8 21.
e4 Kb8 22. a3 Rc8 23. e5 Be7 24. Nd2 c5 25. Qa4 Qd8 26. Rc2 Nb6 27. Qb3 cxd4
28. Rxc8+ Kxc8 29. Rxf7 Nd5 30. Rxf8 Bxf8 31. Qc4+ Kb8 32. Kg3 Bg7 33. Qxd4 Qc7
34. Qd3 Bxe5+ 35. Kf2 Qf7+ 36. Qf3 Qxf3+ 37. Kxf3 Bxb2 38. Nc4 Bg7 39. Ke4 Kc7
40. Kf3 b5 41. Nd2 a5 42. Nb3 a4 43. Nbd4 Bxd4 44. Nxd4 b4 45. axb4 a3 46. Nb5+
Kc6 47. Nxa3 Nxb4 48. Ke4 Kd7 49. Ke5 Ke7 50. Nb5 Nd3+ 51. Kd4 Nf2 52. Nc3 Nxh3
53. Ne4 Nf4 54. Ke5 Kf7 55. Nd6+ Kg6 56. Ne4 h5 57. gxh5+ Kxh5 58. Nc5 Kh4 59.
Ne4 Kh5 60. Nf6+ Kg6 61. Ne4 Kh5 62. Nf6+ Kh4 63. Ne4 Kg4 64. Kf6 1/2-1/2

[Event "01.Casino-Senioren-Open 2005"]
[Site "Seefeld/Tirol (19.09.-25.09)"]
[Date "2005.09.20"]
[Round "2.7"]
[White "Broeker, Werner"]
[Black "Michalowski, Richard"]
[Result "1/2-1/2"]
[WhiteElo "1664"]
[BlackElo "1621"]
[PlyCount "35"]
[EventDate "2005.09.??"]
[Source "Chess-Org"]
[SourceDate "2005.10.01"]

1. d4 Nf6 2. Nc3 e6 3. e4 d6 4. f4 Be7 5. Bd3 Nc6 6. Nf3 O-O 7. Qe2 Nd7 8. e5
dxe5 9. dxe5 Nc5 10. Bc4 a6 11. Bd2 b5 12. Bb3 Nxb3 13. axb3 Nb4 14. O-O-O c6
15. Ne4 Qc7 16. Bxb4 Bxb4 17. Nfg5 h6 18. Nf3 1/2-1/2

[Event "01.Casino-Senioren-Open 2005"]
[Site "Seefeld/Tirol (19.09.-25.09)"]
[Date "2005.09.20"]
[Round "2.8"]
[White "Westermayer, Johann"]
[Black "Wegener, Wilfried"]
[Result "1/2-1/2"]
[WhiteElo "1631"]
[BlackElo "1639"]
[PlyCount "30"]
[EventDate "2005.09.??"]
[Source "Chess-Org"]
[SourceDate "2005.10.01"]

1. d4 d5 2. Nf3 Bf5 3. c4 e6 4. Nc3 Nf6 5. e3 Be7 6. cxd5 exd5 7. Bd3 Bxd3 8.
Qxd3 O-O 9. O-O Nc6 10. a3 a6 11. b4 b5 12. Bb2 Qd6 13. Rac1 Rfd8 14. Ne2 h6
15. Qc2 Nb8 1/2-1/2

[Event "01.Casino-Senioren-Open 2005"]
[Site "Seefeld/Tirol (19.09.-25.09)"]
[Date "2005.09.20"]
[Round "2.9"]
[White "Engler, Gunter"]
[Black "Ruf, Karl"]
[Result "1/2-1/2"]
[WhiteElo "1766"]
[BlackElo "1644"]
[PlyCount "131"]
[EventDate "2005.09.??"]
[Source "Chess-Org"]
[SourceDate "2005.10.01"]

1. d4 d6 2. c4 Nd7 3. Bf4 c5 4. d5 g6 5. Nc3 Bg7 6. Qc2 Ne5 7. e4 a6 8. a4 Qa5
9. Ra3 Rb8 10. Bd2 Nf6 11. h3 O-O 12. Be2 h6 13. f4 Ned7 14. Nf3 Nh7 15. O-O
Qd8 16. Bd3 Re8 17. Ne2 Ndf8 18. Bc3 e5 19. fxe5 dxe5 20. Bd2 f6 21. Qc1 g5 22.
Ng3 Ng6 23. Nh2 Rf8 24. Nf5 Rf7 25. Ng4 Bxf5 26. Rxf5 Ne7 27. Rf2 Nc8 28. Qf1
Nd6 29. Ne3 Qd7 30. Nf5 Nxf5 31. Rxf5 Nf8 32. Be2 Ng6 33. Bh5 Kh7 34. Bxg6+
Kxg6 35. b4 Qd6 36. b5 Ra8 37. Rff3 a5 38. g4 b6 39. Rg3 Qd7 40. Raf3 Rh8 41.
Bc3 h5 42. Rd3 Bf8 43. Qf5+ Qxf5 44. gxf5+ Kh7 45. Bd2 Rg8 46. Rg2 Rfg7 47.
Rdg3 g4 48. Kh2 Kh8 49. Bh6 Rh7 50. Bxf8 Rxf8 51. hxg4 h4 52. Rh3 Rg8 53. Kg1
Kg7 54. Kf2 Kf7 55. Kf3 Ke7 56. Rgh2 Rgh8 57. Rd2 Kd6 58. Rg2 Rg8 59. Kf2 Kd7
60. Kg1 Kd6 61. Kh2 Kd7 62. Rf3 Kd6 63. Kh3 Kd7 64. Rf1 Kd6 65. Rfg1 Rg5 66.
Rh1 1/2-1/2

[Event "01.Casino-Senioren-Open 2005"]
[Site "Seefeld/Tirol (19.09.-25.09)"]
[Date "2005.09.21"]
[Round "3.1"]
[White "Schueler, Wolfgang"]
[Black "Birchmeier, Walter"]
[Result "1-0"]
[WhiteElo "1968"]
[BlackElo "1921"]
[PlyCount "81"]
[EventDate "2005.09.??"]
[Source "Chess-Org"]
[SourceDate "2005.10.01"]

1. e4 c5 2. Nc3 Nc6 3. g3 e6 4. Bg2 Nf6 5. d3 d5 6. exd5 exd5 7. Nge2 d4 8. Ne4
Nxe4 9. Bxe4 Bd6 10. Bf4 O-O 11. O-O Bg4 12. f3 Be6 13. Bxd6 Qxd6 14. f4 Bd5
15. g4 Rae8 16. Ng3 Ne7 17. Qf3 Bxe4 18. dxe4 c4 19. Rad1 Rd8 20. Rf2 Qb6 21.
b3 cxb3 22. Qxb3 Qc5 23. Kg2 Ng6 24. Ne2 h5 25. h3 hxg4 26. hxg4 Qe7 27. Qd3
Rfe8 28. e5 Qd7 29. Kg3 Qe7 30. Rh2 Rd5 31. Qe4 Red8 32. Rd3 Qd7 33. Rh5 Kf8
34. Qf5 Qxf5 35. gxf5 Ne7 36. Rh8+ Ng8 37. Kf3 Ke7 38. Ke4 Ra5 39. Rxd4 Rxd4+
40. Nxd4 Nh6 41. f6+ 1-0

[Event "01.Casino-Senioren-Open 2005"]
[Site "Seefeld/Tirol (19.09.-25.09)"]
[Date "2005.09.21"]
[Round "3.2"]
[White "Rahn, Oskar"]
[Black "Bucher, Rolf"]
[Result "1-0"]
[WhiteElo "2064"]
[BlackElo "1768"]
[PlyCount "91"]
[EventDate "2005.09.??"]
[Source "Chess-Org"]
[SourceDate "2005.10.01"]

1. e4 d6 2. d4 Nf6 3. Nc3 g6 4. f4 Bg7 5. Nf3 c5 6. Bb5+ Bd7 7. e5 Ng4 8. Bxd7+
Qxd7 9. h3 cxd4 10. Qxd4 Nh6 11. g4 Nc6 12. Qe4 O-O-O 13. Bd2 d5 14. Qe2 d4 15.
Ne4 Qd5 16. c4 dxc3 17. Nxc3 Qd3 18. Qxd3 Rxd3 19. Ke2 Rhd8 20. Be3 f6 21. exf6
exf6 22. Rhd1 Rxd1 23. Rxd1 Nf7 24. Rxd8+ Kxd8 25. Nd4 Nxd4+ 26. Bxd4 Kd7 27.
Bxa7 f5 28. gxf5 gxf5 29. Kd3 Kc6 30. Bd4 Bh6 31. Be3 b5 32. a3 Nd8 33. Ne2 Ne6
34. b3 Bg7 35. a4 bxa4 36. bxa4 Bh6 37. Kc4 Bf8 38. Nd4+ Nxd4 39. Bxd4 Bd6 40.
Be3 Bc7 41. Bd2 Bb8 42. a5 Ba7 43. Bc3 Bb8 44. Be5 Ba7 45. a6 Be3 46. Bb8 1-0

[Event "01.Casino-Senioren-Open 2005"]
[Site "Seefeld/Tirol (19.09.-25.09)"]
[Date "2005.09.21"]
[Round "3.3"]
[White "Mueller, Manfred[42Senftb']"]
[Black "Xander, Karl"]
[Result "1-0"]
[WhiteElo "1886"]
[BlackElo "1841"]
[PlyCount "79"]
[EventDate "2005.09.??"]
[Source "Chess-Org"]
[SourceDate "2005.10.01"]

1. e4 c5 2. Nf3 d6 3. d4 cxd4 4. Nxd4 Nf6 5. Nc3 g6 6. Be2 Bg7 7. O-O O-O 8.
Kh1 Nc6 9. Be3 Bd7 10. f3 a6 11. Qd2 Rc8 12. Rfd1 Ne5 13. Bh6 b5 14. Bxg7 Kxg7
15. Nd5 Nxd5 16. exd5 h6 17. h3 Qb6 18. Qe3 Qd8 19. b3 g5 20. f4 gxf4 21. Qxf4
Rc3 22. Nf3 f6 23. Qg3+ Kh7 24. Ng5+ hxg5 25. Qxc3 Kg7 26. Rd4 Rh8 27. Rf1 Qb6
28. Re4 Rc8 29. Qd2 Qc5 30. c4 bxc4 31. bxc4 Qa3 32. Re3 Qc5 33. Bd3 Qd4 34.
Qe2 Rb8 35. Rb1 Rxb1+ 36. Bxb1 Qf4 37. Qe1 Kh6 38. Re4 Nf3 39. Rxf4 Nxe1 40.
Rf1 1-0

[Event "01.Casino-Senioren-Open 2005"]
[Site "Seefeld/Tirol (19.09.-25.09)"]
[Date "2005.09.21"]
[Round "3.4"]
[White "Michalowski, Richard"]
[Black "Heslenfeld, Peter-Hermann"]
[Result "1/2-1/2"]
[WhiteElo "1621"]
[BlackElo "1788"]
[PlyCount "37"]
[EventDate "2005.09.??"]
[Source "Chess-Org"]
[SourceDate "2005.10.01"]

1. c4 c6 2. Nf3 Nf6 3. d4 d5 4. cxd5 cxd5 5. Nc3 Nc6 6. e3 Bf5 7. a3 e6 8. Be2
Bd6 9. O-O Ne4 10. Ne1 Rc8 11. f3 Nf6 12. Bd2 Bb8 13. Bd3 Qd6 14. g3 Bxd3 15.
Nxd3 O-O 16. Na2 Rfe8 17. Bc3 a6 18. Nab4 Ba7 19. Nc2 1/2-1/2

[Event "01.Casino-Senioren-Open 2005"]
[Site "Seefeld/Tirol (19.09.-25.09)"]
[Date "2005.09.21"]
[Round "3.5"]
[White "Schwarz, Werner[40Fürth]"]
[Black "Bullock, Alfred"]
[Result "1/2-1/2"]
[WhiteElo "1690"]
[BlackElo "1596"]
[PlyCount "68"]
[EventDate "2005.09.??"]
[Source "Chess-Org"]
[SourceDate "2005.10.01"]

1. e4 e6 2. d4 b6 3. Nf3 Bb7 4. Bd3 d6 5. Be3 Nd7 6. Nbd2 g6 7. O-O Bg7 8. c3
Ne7 9. Re1 O-O 10. Nf1 e5 11. Qd2 f5 12. Bh6 f4 13. Bxg7 Kxg7 14. Ng5 Rf6 15.
d5 Nf8 16. h4 h6 17. Nf3 Nh7 18. Be2 Qf8 19. N3h2 h5 20. Qd3 Ng8 21. Nf3 Qe7
22. N1d2 Rf7 23. g3 fxg3 24. fxg3 Raf8 25. Rf1 Bc8 26. Nh2 Rxf1+ 27. Rxf1 Rxf1+
28. Bxf1 Nh6 29. Be2 a5 30. Ndf1 Nf6 31. Bf3 Nhg4 32. Nxg4 Nxg4 33. Bxg4 Bxg4
34. Ne3 Bc8 1/2-1/2

[Event "01.Casino-Senioren-Open 2005"]
[Site "Seefeld/Tirol (19.09.-25.09)"]
[Date "2005.09.21"]
[Round "3.7"]
[White "Bretscher, Robert"]
[Black "Straesser, Gerda"]
[Result "1/2-1/2"]
[WhiteElo "1536"]
[BlackElo "1549"]
[PlyCount "23"]
[EventDate "2005.09.??"]
[Source "Chess-Org"]
[SourceDate "2005.10.01"]

1. e4 e6 2. d4 d5 3. Nc3 dxe4 4. Nxe4 Nd7 5. Nf3 Ngf6 6. Bd3 Nxe4 7. Bxe4 Nf6
8. Bd3 h6 9. O-O Be7 10. Re1 O-O 11. c3 a6 12. Bc2 1/2-1/2

[Event "01.Casino-Senioren-Open 2005"]
[Site "Seefeld/Tirol (19.09.-25.09)"]
[Date "2005.09.21"]
[Round "3.8"]
[White "Ruf, Karl"]
[Black "Westermayer, Johann"]
[Result "1/2-1/2"]
[WhiteElo "1644"]
[BlackElo "1631"]
[PlyCount "50"]
[EventDate "2005.09.??"]
[Source "Chess-Org"]
[SourceDate "2005.10.01"]

1. e4 c5 2. Nf3 Nc6 3. c3 Nf6 4. d3 d6 5. h3 g6 6. Be2 Bg7 7. O-O O-O 8. Nh2
Bd7 9. f4 e6 10. Nd2 b5 11. Ndf3 Ne7 12. e5 Ne8 13. exd6 Nxd6 14. Ne5 Nc6 15.
Nxd7 Qxd7 16. Bf3 Rac8 17. Be3 Ne7 18. d4 Ndf5 19. Bf2 cxd4 20. g4 Nd6 21. Bxd4
Qc7 22. Bxg7 Kxg7 23. Qd4+ Kg8 24. Rad1 Rfd8 25. Qf2 Nc4 1/2-1/2

[Event "01.Casino-Senioren-Open 2005"]
[Site "Seefeld/Tirol (19.09.-25.09)"]
[Date "2005.09.21"]
[Round "3.9"]
[White "Schuller, Erhard"]
[Black "Engler, Gunter"]
[Result "0-1"]
[WhiteElo "1634"]
[BlackElo "1766"]
[PlyCount "92"]
[EventDate "2005.09.??"]
[Source "Chess-Org"]
[SourceDate "2005.10.01"]

1. e4 e6 2. d4 d5 3. Nd2 dxe4 4. Nxe4 Nd7 5. Nf3 Ngf6 6. Bg5 Be7 7. Nxf6+ Bxf6
8. Bxf6 Nxf6 9. Bd3 b6 10. O-O Bb7 11. c3 O-O 12. Re1 Bxf3 13. Qxf3 Qd6 14.
Rad1 c5 15. Bb1 Rac8 16. Qh3 Rfd8 17. g4 Qf4 18. f3 cxd4 19. cxd4 Rxd4 20. Kh1
Rxd1 21. Rxd1 Rc1 22. Qf1 Rxd1 23. Qxd1 g6 24. b3 h5 25. gxh5 Nxh5 26. Be4 Qe5
27. Qc2 Nf4 28. Qd1 Kg7 29. a4 Qb2 30. Bc2 Nd5 31. Qb1 Qxb1+ 32. Bxb1 g5 33.
Kg1 Kf6 34. Kf2 Ke5 35. Bd3 a5 36. Bc4 Kd4 37. Kg3 f5 38. h3 e5 39. Bb5 Ne3 40.
Bd7 f4+ 41. Kf2 Nc2 42. Be6 Kc3 43. Bc4 Nd4 44. Bf7 Nxb3 45. Be8 Nc5 46. Ke2
Kb4 0-1

[Event "01.Casino-Senioren-Open 2005"]
[Site "Seefeld/Tirol (19.09.-25.09)"]
[Date "2005.09.22"]
[Round "4.1"]
[White "Rahn, Oskar"]
[Black "Schueler, Wolfgang"]
[Result "1/2-1/2"]
[WhiteElo "2064"]
[BlackElo "1968"]
[PlyCount "120"]
[EventDate "2005.09.??"]
[Source "Chess-Org"]
[SourceDate "2005.10.01"]

1. e4 e5 2. Nf3 Nc6 3. d4 exd4 4. Nxd4 Bc5 5. Nxc6 Qf6 6. Qd2 dxc6 7. Bd3 Ne7
8. O-O Ng6 9. Qg5 Qxg5 10. Bxg5 O-O 11. Nc3 Re8 12. Rae1 Ne5 13. Be3 Nxd3 14.
cxd3 Bxe3 15. Rxe3 f6 16. d4 Be6 17. Rd1 Rad8 18. f3 Rd7 19. b3 Red8 20. Red3
a6 21. Kf2 f5 22. h3 fxe4 23. fxe4 Rf7+ 24. Rf3 Kf8 25. Rxf7+ Bxf7 26. Ke3 Ke7
27. Rf1 Be6 28. Ne2 Rf8 29. Rxf8 Kxf8 30. Kf4 Ke7 31. Ke5 Bd7 32. Nf4 Bc8 33.
Nh5 Kf7 34. Ng3 Ke7 35. Nf5+ Kf7 36. Ne3 Ke7 37. Nf5+ Kf7 38. b4 Bd7 39. a3 Bc8
40. Ne3 Ke7 41. h4 Bd7 42. g4 Be6 43. g5 Bd7 44. h5 Be8 45. h6 Kf7 46. hxg7
Kxg7 47. d5 Kg6 48. Kf4 cxd5 49. Nxd5 c6 50. Nf6 Bf7 51. Nd7 Be8 52. Nc5 b6 53.
Nxa6 Bd7 54. a4 Bc8 55. Nc7 Kf7 56. b5 cxb5 57. Nxb5 Bd7 58. e5 Kg6 59. Nc3 Be6
60. Nb5 Bb3 1/2-1/2